00389nam a2200157 450000500170000002000180001704100120003508200200004708400250006710000200009224500470011225000060015926000320016530000100019765000240020720260307144804.0 a9789360614119 aEnglish a330.0212bMIT/S 2Colon Classification aMitchell, Brian aStatistical Methods : An Introductory Text a1 aNew Delhi,bPinakin,c2026. a278p. aStatistical Methods